[Event "2. Bundesliga Mitte 2005/2006"]
[Site "Ansfelden"]
[Date "2005.10.08"]
[Round "1.1"]
[White "Neubauer, Martin"]
[Black "Farago, Ivan"]
[Result "1/2-1/2"]
[WhiteElo "2468"]
[BlackElo "2499"]
[PlyCount "82"]
[EventDate "2005.??.??"]

1. e4 e6 2. d4 d5 3. Nc3 Bb4 4. Nge2 dxe4 5. a3 Bxc3+ 6. Nxc3 Nc6 7. d5 exd5 8.
Qxd5 Be6 9. Qxe4 Nf6 10. Qa4 O-O 11. Bd3 Bd7 12. Qh4 Ne5 13. Be2 Ng6 14. Qg3
Bf5 15. Bg5 Re8 16. Rd1 Qe7 17. O-O c6 18. Bd3 Bxd3 19. Rxd3 h6 20. Re3 Nh5 21.
Bxe7 Nxg3 22. hxg3 Rxe7 23. Rxe7 Nxe7 24. Rd1 Re8 25. Rd7 Nd5 26. Nxd5 Re1+ 27.
Kh2 cxd5 28. Rxb7 Re2 29. Rc7 Rxf2 30. b4 a6 31. Rc6 Kf8 32. a4 Ke7 33. a5 Kd7
34. Rxa6 Rxc2 35. b5 d4 36. Ra7+ Ke6 37. Ra8 d3 38. a6 Ke7 39. Ra7+ Ke6 40. Ra8
Ke7 41. Ra7+ Ke6 1/2-1/2

[Event "2. Bundesliga Mitte 2005/2006"]
[Site "Ansfelden"]
[Date "2005.10.08"]
[Round "1.1"]
[White "Hellmayr, Alois"]
[Black "Mazi, Leon"]
[Result "0-1"]
[WhiteElo "2296"]
[BlackElo "2343"]
[PlyCount "108"]
[EventDate "2005.??.??"]

1. Nf3 Nf6 2. g3 g6 3. Bg2 Bg7 4. O-O O-O 5. d4 d6 6. Re1 Nbd7 7. e4 e5 8. dxe5
dxe5 9. b3 c6 10. Bb2 Qc7 11. Nbd2 Re8 12. Nc4 Bf8 13. a4 Bb4 14. Re2 b6 15. c3
Bf8 16. b4 b5 17. Ncd2 Nb6 18. a5 Na4 19. Rxa4 bxa4 20. Qxa4 Rb8 21. Qa1 Ba6
22. Re1 Rbd8 23. Bf1 Bxf1 24. Kxf1 Rd3 25. Kg2 Nh5 26. Nc4 f6 27. Qb1 Rdd8 28.
Ne3 Qd7 29. Rd1 Qe6 30. h3 Ng7 31. Ba3 Qf7 32. Qc2 Ne6 33. Qa4 Rxd1 34. Qxd1
Rd8 35. Qa4 Qd7 36. Ng4 Bg7 37. Bc1 h5 38. Ngh2 Kh7 39. Be3 a6 40. Bb6 Re8 41.
Nf1 Bh6 42. Ne3 Ng5 43. Nxg5+ Bxg5 44. Qb3 f5 45. Qc4 f4 46. Nf1 Rf8 47. Qxa6
Qd1 48. Qb7+ Kh6 49. h4 Bxh4 50. Bc5 f3+ 51. Kh2 Rf6 52. Qc8 Qxf1 53. Qh8+ Kg5
54. gxh4+ Kg4 0-1

[Event "2. Bundesliga Mitte 2005/2006"]
[Site "Ansfelden"]
[Date "2005.10.08"]
[Round "1.1"]
[White "Ceschia, Ivano"]
[Black "Knoll, Hermann"]
[Result "0-1"]
[WhiteElo "2321"]
[BlackElo "2355"]
[PlyCount "78"]
[EventDate "2005.??.??"]

1. e4 c5 2. Nf3 d6 3. d4 cxd4 4. Qxd4 Nf6 5. Nc3 Nc6 6. Bb5 Bd7 7. Bxc6 Bxc6 8.
Bg5 e6 9. O-O-O Be7 10. Rhe1 Qa5 11. Nd5 Bxd5 12. exd5 Qxa2 13. dxe6 fxe6 14.
b3 Rc8 15. Qb2 Qxb2+ 16. Kxb2 e5 17. Nd2 Kf7 18. Nc4 Rhd8 19. Be3 b5 20. Na3 a6
21. c4 Rd7 22. f4 Rb7 23. cxb5 axb5 24. Bd2 Nd5 25. fxe5 dxe5 26. Rxe5 Bf6 27.
Rf1 Re8 28. Rxf6+ Nxf6 29. Rxb5 Rxb5 30. Nxb5 Re2 31. Kc1 Rxg2 32. Bf4 Nd5 33.
Bg3 g5 34. Nd4 h5 35. Nf3 Kg6 36. Ne1 Re2 37. Nc2 h4 38. Bd6 Re6 39. Bb8 Rb6
0-1

[Event "2. Bundesliga Mitte 2005/2006"]
[Site "Ansfelden"]
[Date "2005.10.08"]
[Round "1.1"]
[White "Tkaczuk, Rainer"]
[Black "Smole, Albert"]
[Result "1/2-1/2"]
[WhiteElo "2277"]
[BlackElo "2122"]
[PlyCount "65"]
[EventDate "2005.??.??"]

1. e4 e5 2. Nf3 Nf6 3. Nxe5 d6 4. Nf3 Nxe4 5. Bd3 Nf6 6. O-O Be7 7. h3 O-O 8.
c3 b6 9. Bc2 Bb7 10. d4 Nbd7 11. Nbd2 Re8 12. a4 a5 13. Re1 c5 14. Nc4 Qc7 15.
Bf4 Qc6 16. Ne3 g6 17. c4 d5 18. Nxd5 Nxd5 19. cxd5 Qc8 20. d6 Bf6 21. Rxe8+
Qxe8 22. Ng5 cxd4 23. Bb3 Bxg5 24. Bxg5 Qe5 25. Qg4 Nc5 26. Bc4 Qxd6 27. Rd1
Ne4 28. Bf4 Qf6 29. f3 Bc8 30. Be5 Bxg4 31. Bxf6 Bxf3 32. gxf3 Nxf6 33. Rxd4
1/2-1/2

[Event "2. Bundesliga Mitte 2005/2006"]
[Site "Ansfelden"]
[Date "2005.10.08"]
[Round "1.1"]
[White "Kuess, Mario"]
[Black "Rumpl, Erwin"]
[Result "1-0"]
[WhiteElo "2162"]
[BlackElo "2279"]
[PlyCount "55"]
[EventDate "2005.??.??"]

1. f4 c5 2. Nf3 Nc6 3. e3 g6 4. Be2 Bg7 5. O-O d5 6. d3 Nf6 7. Qe1 Bg4 8. Nbd2
O-O 9. c3 Rc8 10. e4 dxe4 11. dxe4 Bxf3 12. Rxf3 e5 13. f5 Rc7 14. Rh3 Rd7 15.
Bc4 Nh5 16. Nf1 Rd1 17. Qe2 Nf4 18. Bxf4 Rxa1 19. fxg6 hxg6 20. Be3 Na5 21. Bd5
Qb6 22. b4 Qc7 23. bxa5 Qxa5 24. Qg4 Qb5 25. c4 Qb1 26. Rf3 Qd3 27. Bxc5 Qe2
28. Qxg6 1-0

[Event "2. Bundesliga Mitte 2005/2006"]
[Site "Ansfelden"]
[Date "2005.10.08"]
[Round "1.1"]
[White "Mittermayr, Gerhard"]
[Black "Eichhorn, Alfred"]
[Result "1/2-1/2"]
[WhiteElo "2150"]
[BlackElo "2075"]
[PlyCount "58"]
[EventDate "2005.??.??"]

1. e4 e6 2. d4 d5 3. Nd2 c5 4. exd5 Qxd5 5. Ngf3 cxd4 6. Bc4 Qd6 7. O-O Nc6 8.
Nb3 Nf6 9. Nbxd4 Nxd4 10. Nxd4 a6 11. c3 Qc7 12. Qe2 Bd6 13. f4 O-O 14. Bd3 b6
15. Nf3 Bb7 16. Ne5 Bc5+ 17. Kh1 Rfe8 18. Be3 Bxe3 19. Qxe3 Rad8 20. Rad1 Rd5
21. Rd2 Red8 22. Rfd1 b5 23. c4 bxc4 24. Bxc4 Rxd2 25. Rxd2 Bd5 26. h3 Bxc4 27.
Rxd8+ Qxd8 28. Nxc4 Qd1+ 29. Kh2 h5 1/2-1/2

[Event "2. Bundesliga Mitte 2005/2006"]
[Site "Ansfelden"]
[Date "2005.10.08"]
[Round "1.2"]
[White "Horvath, Tamas"]
[Black "Uhlmann, Wolfgang"]
[Result "1/2-1/2"]
[WhiteElo "2435"]
[BlackElo "2400"]
[PlyCount "52"]
[EventDate "2005.??.??"]

1. e4 e6 2. d4 d5 3. Nd2 c5 4. Ngf3 Nc6 5. Bb5 dxe4 6. Nxe4 Bd7 7. Bg5 Qa5+ 8.
Nc3 cxd4 9. Nxd4 Be7 10. Qd2 Nf6 11. O-O-O Rd8 12. Nb3 Qc7 13. Bxf6 Bxf6 14.
Ne4 Be7 15. Nd6+ Bxd6 16. Qxd6 Qxd6 17. Rxd6 Ke7 18. Rhd1 Nb8 19. Bxd7 Rxd7 20.
Rxd7+ Nxd7 21. Na5 Rb8 22. Rd3 Kd8 23. Rb3 Kc7 24. Rc3+ Kd6 25. Rd3+ Kc7 26.
Rc3+ Kd6 1/2-1/2

[Event "2. Bundesliga Mitte 2005/2006"]
[Site "Ansfelden"]
[Date "2005.10.08"]
[Round "1.2"]
[White "Baumgartner, Heinz"]
[Black "Meszaros, Tamas"]
[Result "0-1"]
[WhiteElo "2306"]
[BlackElo "2408"]
[PlyCount "68"]
[EventDate "2005.??.??"]

1. Nf3 Nf6 2. g3 b5 3. Bg2 Bb7 4. O-O e6 5. b3 Be7 6. c4 a6 7. Nc3 b4 8. Na4 c5
9. d4 cxd4 10. Bb2 d6 11. Nxd4 Bxg2 12. Kxg2 Qc7 13. a3 bxa3 14. Bxa3 O-O 15.
f3 Nbd7 16. Rc1 Nc5 17. Nb2 e5 18. Nf5 e4 19. b4 Ne6 20. Na4 Rfe8 21. Bb2 Rad8
22. Nxe7+ Qxe7 23. Nb6 Nc7 24. Rc2 d5 25. Bxf6 Qxf6 26. Nxd5 Nxd5 27. cxd5 Qe5
28. Qa1 Qf5 29. Rfc1 Rd6 30. Qa5 h5 31. Rd2 h4 32. g4 exf3+ 33. exf3 h3+ 34.
Kf2 Qf4 0-1

[Event "2. Bundesliga Mitte 2005/2006"]
[Site "Ansfelden"]
[Date "2005.10.08"]
[Round "1.2"]
[White "Sandhu, Mario"]
[Black "Rolletschek, Heinrich"]
[Result "1/2-1/2"]
[WhiteElo "2291"]
[BlackElo "2265"]
[PlyCount "88"]
[EventDate "2005.??.??"]

1. e4 e5 2. Nf3 Nc6 3. Bb5 a6 4. Bxc6 dxc6 5. O-O f6 6. d4 exd4 7. Nxd4 Ne7 8.
Be3 Ng6 9. Nc3 Bd6 10. Nf5 O-O 11. Nxd6 cxd6 12. Qd4 Qe7 13. Rad1 Rd8 14. a4
Be6 15. a5 d5 16. Qb6 dxe4 17. Bc5 Qe8 18. Nxe4 Bc4 19. Nd6 Rxd6 20. Bxd6 Bxf1
21. Kxf1 Qf7 22. Rd3 Re8 23. Qb3 Rd8 24. Qxf7+ Kxf7 25. Ke2 Ke6 26. Bc7 Rd5 27.
c4 Rxd3 28. Kxd3 Nf8 29. Kd4 Nd7 30. g4 g6 31. h3 Nf8 32. f3 Nd7 33. b4 Nf8 34.
Kc5 Kd7 35. Kb6 Ne6 36. Bg3 Kc8 37. h4 f5 38. Be5 h5 39. gxh5 gxh5 40. b5 cxb5
41. cxb5 axb5 42. Kxb5 Kd7 43. Kb6 Kc8 44. Kb5 Kd7 1/2-1/2

[Event "2. Bundesliga Mitte 2005/2006"]
[Site "Ansfelden"]
[Date "2005.10.08"]
[Round "1.2"]
[White "Woeber, Friedrich"]
[Black "Frosch, Ronald"]
[Result "1/2-1/2"]
[WhiteElo "2186"]
[BlackElo "2238"]
[PlyCount "77"]
[EventDate "2005.??.??"]

1. e4 e6 2. d4 b6 3. Bd3 Bb7 4. Nf3 Nf6 5. Qe2 Be7 6. O-O c5 7. c3 Nc6 8. Bg5
h6 9. Bh4 g5 10. Bg3 g4 11. Ne5 cxd4 12. Nxg4 Nxg4 13. Qxg4 h5 14. Qe2 h4 15.
Bf4 e5 16. Bd2 Bg5 17. f4 Bxf4 18. Bxf4 exf4 19. Qg4 Ne5 20. Qg7 Rh5 21. Rxf4
Qg5 22. Qxg5 Rxg5 23. Bf1 d3 24. Nd2 O-O-O 25. Rxh4 f5 26. Rf4 fxe4 27. Nxe4
Bxe4 28. Rxe4 Rf8 29. g3 Nf3+ 30. Kg2 d2 31. Be2 Ne1+ 32. Kg1 d5 33. Re7 Kd8
34. Rxa7 Ke8 35. Ra8+ Ke7 36. Rxf8 Kxf8 37. Kf2 Rf5+ 38. Kg1 Re5 39. Kf1
1/2-1/2

[Event "2. Bundesliga Mitte 2005/2006"]
[Site "Ansfelden"]
[Date "2005.10.08"]
[Round "1.2"]
[White "Poeltl, Thomas"]
[Black "Winiwarter, Felix"]
[Result "1-0"]
[WhiteElo "2175"]
[BlackElo "2179"]
[PlyCount "81"]
[EventDate "2005.??.??"]

1. d4 Nf6 2. c4 e5 3. dxe5 Ng4 4. Bf4 Nc6 5. Nf3 Bb4+ 6. Nbd2 Qe7 7. e3 Ngxe5
8. Nxe5 Nxe5 9. a3 Bxd2+ 10. Qxd2 d6 11. Rc1 O-O 12. c5 dxc5 13. Qd5 Ng6 14.
Bg3 c6 15. Qxc5 Qxc5 16. Rxc5 Be6 17. Bd3 Rad8 18. Ke2 Rd7 19. Bc2 Rfd8 20. Rd1
Rxd1 21. Bxd1 f6 22. Bc2 Kf7 23. e4 Ne7 24. b4 h6 25. f3 Rd7 26. h4 Rd8 27. h5
Rd7 28. Bf2 Rd8 29. Rc3 a6 30. Bb6 Rd7 31. Bc5 Rd8 32. Ke3 Rd7 33. Rd3 Ke8 34.
Rxd7 Kxd7 35. Kd4 Bf7 36. g4 Ba2 37. Kc3 Ke6 38. Bd3 Kf7 39. a4 Nc8 40. a5 Ke6
41. Kb2 1-0

[Event "2. Bundesliga Mitte 2005/2006"]
[Site "Ansfelden"]
[Date "2005.10.08"]
[Round "1.2"]
[White "Maringer, Walter"]
[Black "Wilfling, Hermann"]
[Result "1-0"]
[WhiteElo "2100"]
[BlackElo "2177"]
[PlyCount "138"]
[EventDate "2005.??.??"]

1. e4 c5 2. Nf3 d6 3. c3 Nf6 4. Bd3 g6 5. Bc2 Bg7 6. h3 O-O 7. O-O Qc7 8. d4 e5
9. Be3 b6 10. Nbd2 Nc6 11. Rc1 Ba6 12. Re1 Rad8 13. Bb1 Bc8 14. a3 Nh5 15. b4
Ne7 16. Qe2 Nf4 17. Bxf4 exf4 18. Ba2 h6 19. Nf1 Bd7 20. N1h2 Rc8 21. Qd2 g5
22. e5 dxe5 23. dxe5 c4 24. Bb1 Bf5 25. Bxf5 Nxf5 26. Qc2 Qd7 27. Rcd1 Qe6 28.
Ng4 Rfd8 29. Qe4 Kf8 30. b5 Kg8 31. a4 Qg6 32. Nd4 Nxd4 33. Rxd4 Qxe4 34. Rexe4
Rxd4 35. Rxd4 Kh7 36. Rd7 Kg6 37. Rd6+ Kf5 38. Nxh6+ Bxh6 39. Rxh6 Kxe5 40. Kf1
Rc7 41. Ke2 f6 42. Rh8 Kd5 43. Rd8+ Ke5 44. Kf3 a6 45. Re8+ Kd5 46. Rf8 Ke5 47.
Rb8 axb5 48. axb5 Ra7 49. Rxb6 Ra3 50. Rc6 Rxc3+ 51. Kg4 Rc2 52. b6 Rxf2 53.
Rc5+ Kd4 54. Rb5 Rxg2+ 55. Kh5 Re2 56. b7 Re8 57. b8=Q Rxb8 58. Rxb8 f3 59. Kg4
f2 60. Rb1 Ke3 61. Kg3 c3 62. Kg2 c2 63. Rf1 Kd2 64. Rxf2+ Kd1 65. Rxf6 c1=Q
66. Rf1+ Kd2 67. Rxc1 Kxc1 68. Kf3 Kd2 69. Kg4 Ke3 1-0

[Event "2. Bundesliga Mitte 2005/2006"]
[Site "Ansfelden"]
[Date "2005.10.08"]
[Round "1.3"]
[White "Dervishi, Erald"]
[Black "Shengelia, David"]
[Result "1-0"]
[WhiteElo "2482"]
[BlackElo "2525"]
[PlyCount "55"]
[EventDate "2005.??.??"]

1. e4 c6 2. d4 d5 3. Nc3 dxe4 4. Nxe4 Bf5 5. Ng3 Bg6 6. h4 h6 7. Nf3 Nd7 8. h5
Bh7 9. Bd3 Bxd3 10. Qxd3 e6 11. Bf4 Qa5+ 12. Bd2 Qc7 13. O-O-O O-O-O 14. c4
Ngf6 15. Ne4 Nxe4 16. Qxe4 Nf6 17. Qc2 c5 18. Qa4 Kb8 19. Rh4 cxd4 20. Ba5 b6
21. Nxd4 Rxd4 22. Rhxd4 Bc5 23. Rd7 Nxd7 24. Rxd7 Qc8 25. Bc3 a5 26. Be5+ Ka8
27. Rc7 Qe8 28. Qd1 1-0

[Event "2. Bundesliga Mitte 2005/2006"]
[Site "Ansfelden"]
[Date "2005.10.08"]
[Round "1.3"]
[White "Balinov, Ilia"]
[Black "Horvath, Peter"]
[Result "0-1"]
[WhiteElo "2388"]
[BlackElo "2420"]
[PlyCount "72"]
[EventDate "2005.??.??"]

1. c4 e6 2. g3 d5 3. Bg2 Nf6 4. Nf3 d4 5. O-O Be7 6. b4 O-O 7. Bb2 c5 8. Na3
cxb4 9. Nb5 d3 10. Ne5 dxe2 11. Qxe2 Nbd7 12. a3 bxa3 13. Bxa3 Bxa3 14. Rxa3
Nxe5 15. Qxe5 Qxd2 16. Nc7 Nd7 17. Qa1 Rb8 18. Rxa7 Qb4 19. Qd4 b5 20. Bc6 Qxc4
21. Qxc4 bxc4 22. Rc1 Ne5 23. Bg2 Rb2 24. f4 Ng4 25. Ra3 Rd8 26. h3 Rdd2 27.
Bc6 Nf2 28. g4 h5 29. Rf1 Kh7 30. Rf3 Nxg4 31. Rg3 Nf6 32. Nb5 Bd7 33. Bxd7
Rxd7 34. Na3 Rd3 35. Rff3 Rxf3 36. Rxf3 Rb3 0-1

[Event "2. Bundesliga Mitte 2005/2006"]
[Site "Ansfelden"]
[Date "2005.10.08"]
[Round "1.3"]
[White "Benda, Herbert"]
[Black "Bawart, Markus"]
[Result "1/2-1/2"]
[WhiteElo "2329"]
[BlackElo "2345"]
[PlyCount "24"]
[EventDate "2005.??.??"]

1. e4 c5 2. Nf3 Nc6 3. d4 cxd4 4. Nxd4 Nf6 5. Nc3 d6 6. Be2 e5 7. Nb3 Be7 8.
Be3 O-O 9. O-O Be6 10. Qd2 d5 11. exd5 Nxd5 12. Nxd5 Qxd5 1/2-1/2

[Event "2. Bundesliga Mitte 2005/2006"]
[Site "Ansfelden"]
[Date "2005.10.08"]
[Round "1.3"]
[White "Hatzl, Stefan"]
[Black "Dietmayer-Kraeutler, Marco"]
[Result "0-1"]
[WhiteElo "2201"]
[BlackElo "2233"]
[PlyCount "62"]
[EventDate "2005.??.??"]

1. c4 e5 2. Nc3 g6 3. e4 Bg7 4. g3 d6 5. Nge2 f5 6. exf5 Bxf5 7. d4 Nc6 8. d5
Nd4 9. Nxd4 exd4 10. Qe2+ Qe7 11. Bg5 Qxe2+ 12. Nxe2 h6 13. Bd2 Ne7 14. f3 O-O
15. g4 Bd7 16. Bg2 Rae8 17. O-O-O Nxd5 18. Nxd4 Nf4 19. Bxf4 Rxf4 20. Nb3 Rxc4+
21. Kb1 Rb4 22. Rhe1 Be5 23. Kc2 Bxh2 24. Rxe8+ Bxe8 25. a3 Rc4+ 26. Kb1 Ba4
27. Ka2 Rc2 28. Bf1 Be5 29. Rb1 Rf2 30. Bc4+ Kg7 31. Bd5 c6 0-1

[Event "2. Bundesliga Mitte 2005/2006"]
[Site "Ansfelden"]
[Date "2005.10.08"]
[Round "1.3"]
[White "Brunnsteiner, Mario"]
[Black "Nickl, Klaus"]
[Result "1-0"]
[WhiteElo "2186"]
[BlackElo "2175"]
[PlyCount "69"]
[EventDate "2005.??.??"]

1. e4 e6 2. d4 d5 3. Nc3 h6 4. Nf3 Nf6 5. e5 Ne4 6. Bd3 Nxc3 7. bxc3 c5 8. O-O
Nc6 9. a4 cxd4 10. cxd4 Bd7 11. c3 Na5 12. Nd2 Rc8 13. Nb3 Nc4 14. Qg4 Nxe5 15.
dxe5 Rxc3 16. Qd1 Qb6 17. Bc2 Qc7 18. Nd4 Bc5 19. Nf3 Bb6 20. Bd3 a6 21. Bb2
Rc6 22. Ba3 g5 23. Bd6 Qd8 24. Nd2 Bc7 25. Bxc7 Rxc7 26. Re1 h5 27. Qb3 g4 28.
Qb4 Bc6 29. Nb3 g3 30. fxg3 h4 31. Re3 Rd7 32. Qd4 hxg3 33. Rxg3 Qh4 34. Rg8+
Ke7 35. Qc5+ 1-0

[Event "2. Bundesliga Mitte 2005/2006"]
[Site "Ansfelden"]
[Date "2005.10.08"]
[Round "1.3"]
[White "Hatzl, Johannes"]
[Black "Sachsenhofer, Michael"]
[Result "1/2-1/2"]
[WhiteElo "2116"]
[BlackElo "2104"]
[PlyCount "32"]
[EventDate "2005.??.??"]

1. e4 e5 2. Nf3 Nc6 3. Bb5 a6 4. Ba4 d6 5. c3 Bd7 6. O-O g6 7. d4 Bg7 8. Re1
Nge7 9. Be3 O-O 10. d5 Nb8 11. Bxd7 Nxd7 12. c4 h6 13. Nc3 f5 14. exf5 gxf5 15.
Qc1 Kh7 16. Qd2 Ng6 1/2-1/2

[Event "2. Bundesliga Mitte 2005/2006"]
[Site "Ansfelden"]
[Date "2005.10.08"]
[Round "1.4"]
[White "Mitter, Gerd"]
[Black "Heimberger, Reinhard"]
[Result "1/2-1/2"]
[WhiteElo "2191"]
[BlackElo "2297"]
[PlyCount "38"]
[EventDate "2005.??.??"]

1. Nf3 e6 2. c4 Nf6 3. Nc3 d5 4. d4 c6 5. g3 Nbd7 6. Bg2 dxc4 7. a4 a5 8. O-O
Bb4 9. Qc2 O-O 10. Rd1 Qe7 11. Na2 e5 12. Nxb4 axb4 13. Qxc4 e4 14. Ne5 Nb6 15.
Qc2 Bf5 16. Bg5 Qe6 17. Qc5 Nfd5 18. a5 Nc8 19. a6 bxa6 1/2-1/2

[Event "2. Bundesliga Mitte 2005/2006"]
[Site "Ansfelden"]
[Date "2005.10.08"]
[Round "1.4"]
[White "Kranzl, Peter"]
[Black "Spirk, Stefan"]
[Result "1/2-1/2"]
[WhiteElo "2252"]
[BlackElo "2113"]
[PlyCount "40"]
[EventDate "2005.??.??"]

1. e4 e6 2. d4 d5 3. Nd2 Nf6 4. e5 Nfd7 5. c3 c5 6. f4 cxd4 7. cxd4 Nc6 8. Ndf3
Qb6 9. g3 Bb4+ 10. Kf2 f6 11. Kg2 g5 12. a3 Bf8 13. exf6 Nxf6 14. fxg5 Ne4 15.
Ne2 e5 16. Nc3 Bh3+ 17. Kg1 Nxc3 18. bxc3 Bxf1 19. Kxf1 Bg7 20. dxe5 Nxe5
1/2-1/2

[Event "2. Bundesliga Mitte 2005/2006"]
[Site "Ansfelden"]
[Date "2005.10.08"]
[Round "1.4"]
[White "Soelkner, Karl"]
[Black "Stadler, Peter"]
[Result "1/2-1/2"]
[WhiteElo "2058"]
[BlackElo "2200"]
[PlyCount "31"]
[EventDate "2005.??.??"]

1. Nf3 Nf6 2. c4 g6 3. g3 Bg7 4. Bg2 c5 5. d4 cxd4 6. Nxd4 O-O 7. Nc3 Nc6 8.
O-O Nxd4 9. Qxd4 d6 10. Qd2 Rb8 11. b3 a6 12. Bb2 b5 13. Nd5 bxc4 14. Nxf6+
exf6 15. bxc4 Be6 16. Rac1 1/2-1/2

[Event "2. Bundesliga Mitte 2005/2006"]
[Site "Ansfelden"]
[Date "2005.10.08"]
[Round "1.5"]
[White "Horvath, Adam"]
[Black "Lenic, Luka"]
[Result "1/2-1/2"]
[WhiteElo "2545"]
[BlackElo "2463"]
[PlyCount "157"]
[EventDate "2005.??.??"]

1. e4 c5 2. Nf3 e6 3. d4 cxd4 4. Nxd4 a6 5. Bd3 Bc5 6. Nb3 Ba7 7. Qe2 Ne7 8.
Nc3 Nbc6 9. Be3 e5 10. O-O O-O 11. Bxa7 Rxa7 12. Qe3 d6 13. Rad1 Ra8 14. Rd2
Be6 15. Nd5 Bxd5 16. exd5 Na5 17. f4 exf4 18. Rxf4 Ng6 19. Bxg6 hxg6 20. Re4
Rc8 21. Nxa5 Qxa5 22. a4 b5 23. axb5 Qa1+ 24. Kf2 Qxb2 25. c4 Qf6+ 26. Rf4 Qa1
27. b6 Qb1 28. Qd4 Rfe8 29. Rd1 Qb4 30. c5 Qxd4+ 31. Rfxd4 Rxc5 32. Ra1 a5 33.
Rb1 Rb8 34. Ke3 f5 35. Rd2 a4 36. Kd4 a3 37. Ra2 Ra5 38. b7 Kf7 39. Rb6 Ke7 40.
Kc4 Ra7 41. g3 g5 42. Re2+ Kf7 43. Ra2 Ke7 44. Re2+ Kd7 45. Ra2 g4 46. Rb3
Rbxb7 47. Rxb7+ Rxb7 48. Rxa3 Ke8 49. Ra8+ Kf7 50. Rd8 Rb6 51. Kd4 Kf6 52. Rf8+
Kg5 53. Rd8 g6 54. Ke3 Kf6 55. Re8 Rb3+ 56. Kf2 Rb2+ 57. Kg1 Kf7 58. Re6 Rb6
59. Kf2 g5 60. Kg1 f4 61. gxf4 gxf4 62. Re4 Kf6 63. Rxf4+ Kg5 64. Rf8 Rb5 65.
Rg8+ Kf5 66. Rf8+ Ke5 67. Rg8 Rb4 68. Rg5+ Kf6 69. Rh5 Rd4 70. h3 gxh3 71. Rxh3
Rxd5 72. Kf2 Re5 73. Rd3 Ke6 74. Rd2 Re4 75. Kf3 Re1 76. Re2+ Rxe2 77. Kxe2 d5
78. Kd3 d4 79. Kxd4 1/2-1/2

[Event "2. Bundesliga Mitte 2005/2006"]
[Site "Ansfelden"]
[Date "2005.10.08"]
[Round "1.5"]
[White "Sebenik, Matej"]
[Black "Fahrner, Kurt"]
[Result "1-0"]
[WhiteElo "2407"]
[BlackElo "2380"]
[PlyCount "113"]
[EventDate "2005.??.??"]

1. Nf3 d5 2. d4 Nf6 3. c4 c6 4. e3 g6 5. Nc3 Bg7 6. Bd3 O-O 7. O-O Be6 8. Qb3
Qb6 9. Ne5 Nbd7 10. Nxd7 Nxd7 11. cxd5 Qxb3 12. axb3 Bxd5 13. Nxd5 cxd5 14. f4
a6 15. Bd2 Rfc8 16. Ra5 e6 17. b4 Nf6 18. Rfa1 Ne4 19. Bxe4 dxe4 20. Bc3 Rc6
21. Kf2 Rb6 22. b5 Bf8 23. Ke2 Be7 24. g4 Kf8 25. g5 Ke8 26. h4 Kd7 27. h5 Bd8
28. hxg6 hxg6 29. d5 Rd6 30. dxe6+ Kxe6 31. R5a4 Kf5 32. bxa6 Raxa6 33. Rxa6
bxa6 34. Ra4 f6 35. gxf6 Bxf6 36. Bxf6 Rxf6 37. Ra5+ Kg4 38. Rg5+ Kh4 39. Re5
Rb6 40. Rxe4 Rxb2+ 41. Kf3 g5 42. f5+ Kh5 43. Ra4 Rb5 44. e4 Rb3+ 45. Ke2 Kg4
46. Rxa6 Kf4 47. Re6 g4 48. f6 Rb2+ 49. Kd3 Rb8 50. f7 Rf8 51. e5 g3 52. Ke2
Ke4 53. Re7 Ra8 54. e6 Ra2+ 55. Kf1 Rf2+ 56. Kg1 Ke5 57. Re8 1-0

[Event "2. Bundesliga Mitte 2005/2006"]
[Site "Ansfelden"]
[Date "2005.10.08"]
[Round "1.5"]
[White "Ebner, Hubert"]
[Black "Jeric, Simon"]
[Result "1-0"]
[WhiteElo "2281"]
[BlackElo "2326"]
[PlyCount "105"]
[EventDate "2005.??.??"]

1. d4 d5 2. c4 c6 3. cxd5 cxd5 4. Nf3 Nf6 5. Nc3 Nc6 6. Bf4 a6 7. Rc1 e6 8. e3
Bd6 9. Bxd6 Qxd6 10. Be2 O-O 11. O-O b5 12. a3 Na5 13. a4 b4 14. Nb1 Bb7 15.
Rc5 Qb6 16. Nbd2 Rfc8 17. Nb3 Nxb3 18. Rxc8+ Rxc8 19. Qxb3 Ne4 20. Bd3 a5 21.
Rd1 Ba6 22. Ne5 f6 23. f3 fxe5 24. fxe4 Bc4 25. Bxc4 dxc4 26. Qc2 exd4 27. exd4
e5 28. Qf2 exd4 29. Qxd4 Qxd4+ 30. Rxd4 c3 31. bxc3 bxc3 32. Rd1 Kf7 33. Kf2
Ke6 34. Ke3 Rc4 35. Rc1 Ke5 36. Kd3 Rxe4 37. Rxc3 Rxa4 38. Rc5+ Kf6 39. Rc6+
Kg5 40. Rc7 Kh6 41. Ke3 Rb4 42. Ra7 a4 43. Kf3 g6 44. h3 Rc4 45. Kf2 Rh4 46.
Kf3 Rc4 47. Kf2 Rc2+ 48. Kf3 Rc3+ 49. Kf4 Rc4+ 50. Kf3 Rb4 51. Kf2 Kg5 52. Rxh7
Kf4 53. Rh4+ 1-0

[Event "2. Bundesliga Mitte 2005/2006"]
[Site "Ansfelden"]
[Date "2005.10.08"]
[Round "1.5"]
[White "Muellneritsch, Anton"]
[Black "Aschenbrenner, Robert"]
[Result "0-1"]
[WhiteElo "2228"]
[BlackElo "2265"]
[PlyCount "56"]
[EventDate "2005.??.??"]

1. e4 c5 2. Nf3 e6 3. d4 cxd4 4. Nxd4 Bc5 5. Nb3 Bb6 6. Nc3 Ne7 7. a4 Nbc6 8.
Bg5 O-O 9. Be2 f5 10. O-O fxe4 11. Nxe4 d5 12. Ng3 h6 13. Bd2 Ng6 14. a5 Bc7
15. Ra4 e5 16. Bg4 Nf4 17. Bxc8 Rxc8 18. Nc5 b6 19. axb6 Bxb6 20. Nb3 Qd7 21.
Ra3 Kh8 22. Nh5 Qf5 23. Ng3 Qg6 24. Nc1 Nd4 25. c3 Nf5 26. Bxf4 exf4 27. Qh5
Bxf2+ 28. Kh1 Nxg3+ 0-1

[Event "2. Bundesliga Mitte 2005/2006"]
[Site "Ansfelden"]
[Date "2005.10.08"]
[Round "1.5"]
[White "Kastner, Walter"]
[Black "Tschohl, Christof"]
[Result "1-0"]
[WhiteElo "2263"]
[BlackElo "2136"]
[PlyCount "31"]
[EventDate "2005.??.??"]

1. e4 e5 2. Nf3 Nf6 3. Nxe5 d6 4. Nf3 Nxe4 5. d4 d5 6. Bd3 Nc6 7. O-O Be7 8.
Re1 Nf6 9. h3 O-O 10. c3 Re8 11. Bg5 h6 12. Bxf6 Bxf6 13. Rxe8+ Qxe8 14. Nbd2
Be6 15. Qc2 Qd7 16. Nf1 {kontumaz} 1-0

[Event "2. Bundesliga Mitte 2005/2006"]
[Site "Ansfelden"]
[Date "2005.10.08"]
[Round "1.5"]
[White "Arztmann, Wolfgang"]
[Black "Loebler, Heimo"]
[Result "1/2-1/2"]
[WhiteElo "2146"]
[BlackElo "2191"]
[PlyCount "87"]
[EventDate "2005.??.??"]

1. e4 c5 2. Nf3 Nc6 3. g3 g6 4. Bg2 Bg7 5. O-O d6 6. d3 Bg4 7. h3 Bxf3 8. Qxf3
e6 9. c3 Nge7 10. Nd2 O-O 11. Qe2 Rb8 12. Nf3 b5 13. Be3 b4 14. d4 bxc3 15.
bxc3 Qa5 16. Rfd1 Qxc3 17. Rac1 Qa3 18. dxc5 d5 19. Bf4 Rb2 20. Rc2 Qxa2 21.
Rxb2 Qxb2 22. Qxb2 Bxb2 23. Rb1 Bc3 24. Bd6 Re8 25. Bf1 h6 26. Bb5 dxe4 27.
Bxe7 Rxe7 28. Bxc6 exf3 29. Bxf3 Bd4 30. Rb8+ Kg7 31. c6 Bb6 32. Kf1 Kf6 33.
Ke2 Ke5 34. Rb7 Kd6 35. Be4 e5 36. g4 Rxb7 37. cxb7 Bc7 38. Kd3 Kc5 39. h4 a5
40. g5 hxg5 41. hxg5 a4 42. Kc3 Bd6 43. f3 a3 44. Bb1 1/2-1/2

[Event "2. Bundesliga Mitte 2005/2006"]
[Site "Ansfelden"]
[Date "2005.10.08"]
[Round "1.6"]
[White "Mohr, Georg"]
[Black "Vajda, Levente"]
[Result "1/2-1/2"]
[WhiteElo "2472"]
[BlackElo "2541"]
[PlyCount "23"]
[EventDate "2005.??.??"]

1. e4 e5 2. Nf3 Nc6 3. Nc3 d6 4. d4 Bg4 5. Bb5 exd4 6. Qxd4 Qd7 7. Bxc6 bxc6 8.
Bg5 f6 9. Be3 g6 10. h3 Bxf3 11. gxf3 Bg7 12. O-O-O 1/2-1/2

[Event "2. Bundesliga Mitte 2005/2006"]
[Site "Ansfelden"]
[Date "2005.10.08"]
[Round "1.6"]
[White "Steflitsch, Erich"]
[Black "Butunoi, Alexandru"]
[Result "1-0"]
[WhiteElo "2379"]
[BlackElo "2399"]
[PlyCount "75"]
[EventDate "2005.??.??"]

1. e4 c5 2. Nf3 d6 3. d4 cxd4 4. Nxd4 Nf6 5. Nc3 a6 6. Bg5 Nc6 7. Qd2 Qb6 8.
Nb3 e6 9. O-O-O Be7 10. f3 Bd7 11. g4 Qc7 12. Be3 O-O 13. g5 Ne8 14. f4 b5 15.
Bd3 b4 16. Ne2 a5 17. Nbd4 a4 18. Kb1 Qb7 19. f5 e5 20. Nxc6 Bxc6 21. Ng3 b3
22. a3 bxc2+ 23. Qxc2 d5 24. exd5 Bxd5 25. f6 Bxa3 26. Bxh7+ Kh8 27. Rxd5 g6
28. Bxg6 fxg6 29. Rhd1 Rc8 30. Rd7 Qb4 31. Qg2 Kg8 32. Rb7 Qg4 33. Qd5+ Kh8 34.
Qd7 Qxd7 35. Rdxd7 Bc5 36. Bxc5 Rxc5 37. Rh7+ Kg8 38. f7+ 1-0